| 000 | 00446nab a2200145Ia 4500 | ||
|---|---|---|---|
| 003 | ES-SlBCS | ||
| 005 | 20210601142434.0 | ||
| 008 | 140529s1993 xxu||||| |||| 00| 0 spa d | ||
| 041 | _aspa | ||
| 100 | 1 |
_aSataloff, Robert T. _9270468 |
|
| 245 | 0 | 0 |
_aLa voz humana _c Robert T. Sataloff |
| 650 | 0 | 4 |
_aVoz Humana _9159304 |
| 773 | 0 |
_tInvestigacion y Ciencia (Traducción de: Scientific American) _gnº. 197, 1993, págs. 50-56 _wRev1650 |
|
| 942 | _cAR | ||
| 999 |
_c676878 _d676878 |
||